Zuleika Dobson / (Record no. 31880)

MARC details
000 -LEADER
campo de control de longitud fija 00667nam a2200217 i 4500
001 - NÚMERO DE CONTROL
campo de control 31880
003 - IDENTIFICADOR DE NÚMERO DE CONTROL
campo de control ES-MaACL
005 - FECHA Y HORA DE LA ÚLTIMA TRANSACCIÓN
campo de control 20230906154450.0
007 - CAMPO FIJO DE DESCRIPCIÓN FÍSICA--INFORMACIÓN GENERAL
campo de control de longitud fija t|
008 - DATOS DE LONGITUD FIJA--INFORMACIÓN GENERAL
campo de control de longitud fija 030130s1943 sp ||||1| spa d
100 1# - ENTRADA PRINCIPAL--NOMBRE DE PERSONA
Nombre de persona Beerbohm, Max.
9 (RLIN) 27023
245 10 - MENCIÓN DEL TÍTULO
Título Zuleika Dobson /
Mención de responsabilidad, etc. por Max Beerbohm ; [traducción del inglés por Agustín Esclasáns].
250 ## - MENCION DE EDICION
Mención de edición [1ª ed.].
260 ## - PUBLICACIÓN, DISTRIBUCIÓN, ETC.
Lugar de publicación, distribución, etc. [S.l. :
Nombre del editor, distribuidor, etc. s.n.,
Fecha de publicación, distribución, etc. 1943] (
Lugar de fabricación/manufactura Barcelona :
Fabricante Imp. Moderna)
300 ## - DESCRIPCIÓN FÍSICA
Extensión 267 p. ;
Dimensiones 19 cm.
490 1# - MENCIÓN DE SERIE
Mención de serie Al monigote de papel
700 1# - ENTRADA AGREGADA--NOMBRE PERSONAL
Nombre de persona Esclasans, Agustín.
9 (RLIN) 47545
830 0# - PUNTO DE ACCESO ADICIONAL DE SERIE-TÍTULO UNIFORME
Título uniforme Al monigote de papel
9 (RLIN) 181405
852 ## - LOCALIZACIÓN
Ubicación ES-MaACL
Número de control de estantería B-10207
Sublocalización o colección R.21653
Holdings
Estatus retirado Estado de pérdida Estado de daño No para préstamo Biblioteca de origen Biblioteca actual Ubicación en estantería Fecha de adquisición Fuente de adquisición Total de préstamos Signatura topográfica completa Código de barras Visto por última vez Precio de reemplazo Tipo de ítem Koha
        Biblioteca del Ateneo de Madrid Biblioteca del Ateneo de Madrid Sala Pardo Bazán 17/01/2008     B-10207 1032968 23/02/2023 23/02/2023 Libro impreso